Pięć państw z największą liczbą medali olimpijskich według kontynentu - Statystyki

Ogólne statystyki
  • Ten quiz został rozwiązany 6 277 razy
  • Średni wynik to 24 z 30
Statystyki odpowiedzi
Kontynenty Medale Państwa % Poprawnych
Europa 936 Francja
98%
Europa 1316 Niemcy
98%
Ameryka Północna 3085 Stany Zjednoczone
97%
Azja 804 Chiny
96%
Ameryka Południowa 170 Brazylia
95%
Ameryka Północna 578 Kanada
95%
Oceania 619 Australia
94%
Europa 1015 Wielka Brytania
94%
Ameryka Południowa 80 Argentyna
93%
Azja 618 Japonia
93%
Ameryka Północna 77 Meksyk
92%
Europa 799 Włochy
92%
Oceania 163 Nowa Zelandia
91%
Afryka 95 Republika Południowej Afryki
87%
Ameryka Południowa 15 Chile
86%
Afryka 41 Egipt
85%
Ameryka Południowa 38 Kolumbia
85%
Azja 399 Korea Południowa
83%
Ameryka Północna 244 Kuba
77%
Ameryka Południowa 19 Wenezuela
77%
Ameryka Północna 94 Jamajka
75%
Afryka 124 Kenia
69%
Afryka 27 Nigeria
65%
Afryka 62 Etiopia
61%
Oceania 4 Fidżi
60%
Azja 111 Turcja
60%
Europa 1339 Związek Radziecki
59%
Azja 88 Iran
55%
Oceania 1 Samoa
44%
Oceania 1 Tonga
40%
Nie znaleziono quizów pasujących do podanych kryteriów
Rozkład punktacji
Procent ludzi z każdym wynikiem
Percentyl według liczby udzielonych odpowiedzi
Twoja historia wyników
Nie rozwiązałeś tego quizu